000
00240nam a2200085Ia 4500
008
180219s9999 xx 000 0 und d
245
_a
Conference program :
_b
international conference teacher education /
260
_c
2006
300
_a
139 pages
999
_c
355919
_d
355919